Arquitectura

Uloženo v:
Podrobná bibliografie
Hlavní autor: Glancey, Jonathan (Autor)
Médium: Kniha
Jazyk:španělština
Vydáno: Buenos Aires El Ateneo 2010
Edice:Guías Visuales
Témata:
Tagy: Přidat tag
Žádné tagy, Buďte první, kdo vytvoří štítek k tomuto záznamu!

MARC

LEADER 00000cam a2200000 a 4500
001 UCG9806
003 CL-VaPUC
008 120405e20100000AG |||||||||||||||||spa|d
020 |a 9789500205061 
082 0 4 |a 720.9  |b GLA  |2 21 
100 |a Glancey, Jonathan  |e author  |9 561504 
245 1 0 |a Arquitectura 
300 |a 512 p 
942 |c BK 
945 |d 20120405 00:00:00  |a dcastane 
260 |a Buenos Aires  |b El Ateneo  |c 2010 
650 0 |a Arquitectura  |9 804558 
650 0 |a Estilos artísticos  |9 340996 
650 7 |a ESTILO GOTICO  |2 CL-VaPUC  |9 371834 
650 0 |a Arquitectura antigua  |9 262616 
650 0 |a Arquitectura medieval   |9 267661 
650 0 |a Arquitectura moderna  |9 265021 
583 |a last modification  |c 20120405 11:40:00  |k Rodrigo Vera 
490 0 |a Guías Visuales 
999 |c 347348  |d 347346 
952 |0 0  |1 0  |4 0  |6 720_900000000000000_GLA_2010  |7 0  |8 A  |9 448611  |a BIBING  |b BIBING  |d 2019-11-22  |i 4852737  |o 720.9 GLA 2010  |p 4852737  |r 2025-01-20  |w 2019-11-22  |y BK  |k CUI 
952 |0 0  |1 0  |4 0  |6 720_900000000000000_GLA_2010  |7 0  |8 A  |9 448612  |a BIBING  |b BIBING  |d 2019-11-22  |i 4873092  |o 720.9 GLA 2010  |p 4873092  |r 2025-01-20  |w 2019-11-22  |y BK  |k CUI